Antarctic Countries in Order of Size - Statistics

General Stats
  • This quiz has been taken 12 times
  • The average score is 4 of 7
Answer Stats
Country Country .... Word Bank Word Bank % Correct
1 Australia . Argentina
100%
2 Argentina Australia
90%
3 Chile Chile
50%
4 France France
50%
6 New Zealand Norway
30%
5 Norway New Zealand
30%
7 United Kingdom United Kingdom
30%
No matching quizzes found
Score Distribution
Percent of People with Each Score
Percentile by Number Answered
Your Score History
You have not taken this quiz